00405nam a22001452 4500001001100000005001700011008004100028020002800069040001500097050002300112245003700135260002600172300001600198651004500214000000158520151217155812.0070323s xx 000 0 eng d a0199280843 :cGBP 18.99 aKABUcKABU 0aHC800b.A1A37 200510aAfrican development report 2005. aOxford :bOUP,c2005. axvi, 271 p. 0aAfricaxEconomic conditions.@0000150453